Designing & doing survey research / (Record no. 450)
[ view plain ]
| 000 -LEADER | |
|---|---|
| fixed length control field | 01250nam a2200385 4500 |
| 001 - CONTROL NUMBER | |
| control field | 000 |
| 005 - DATE AND TIME OF LATEST TRANSACTION | |
| control field | 20140821115736.0 |
| 007 - PHYSICAL DESCRIPTION FIXED FIELD--GENERAL INFORMATION | |
| fixed length control field | 000 |
| 008 - FIXED-LENGTH DATA ELEMENTS--GENERAL INFORMATION | |
| fixed length control field | 000 |
| 010 ## - LIBRARY OF CONGRESS CONTROL NUMBER | |
| LC control number | 2011939236 |
| 015 ## - NATIONAL BIBLIOGRAPHY NUMBER | |
| National bibliography number | GBB1D7662 |
| Source | bnb |
| 016 7# - NATIONAL BIBLIOGRAPHIC AGENCY CONTROL NUMBER | |
| Record control number | 015979473 |
| Source | Uk |
| 020 ## - INTERNATIONAL STANDARD BOOK NUMBER | |
| International Standard Book Number | 9781849208123 (hbk.) |
| International Standard Book Number | 1849208123 (hbk.) |
| International Standard Book Number | 9781849208130 (pbk.) |
| International Standard Book Number | 1849208131 (pbk.) |
| 035 ## - SYSTEM CONTROL NUMBER | |
| System control number | (OCoLC)ocn766339794 |
| 040 ## - CATALOGING SOURCE | |
| Original cataloging agency | UKMGB |
| Transcribing agency | UKMGB |
| Modifying agency | BTCTA |
| -- | YDXCP |
| -- | BWK |
| -- | YNK |
| -- | BWX |
| -- | SINIE |
| -- | CGU |
| -- | OIP |
| -- | CDX |
| -- | DLC |
| 042 ## - AUTHENTICATION CODE | |
| Authentication code | lccopycat |
| 050 00 - LIBRARY OF CONGRESS CALL NUMBER | |
| Classification number | HA31.2 |
| Item number | .A5195 2012 |
| 082 04 - DEWEY DECIMAL CLASSIFICATION NUMBER | |
| Classification number | 001.433 |
| Edition number | 23 |
| 100 1# - MAIN ENTRY--PERSONAL NAME | |
| Personal name | Andres, Lesley. |
| 245 10 - TITLE STATEMENT | |
| Title | Designing & doing survey research / |
| Statement of responsibility, etc | Lesley Andres. |
| 246 3# - VARYING FORM OF TITLE | |
| Title proper/short title | Designing and doing survey research |
| 260 ## - PUBLICATION, DISTRIBUTION, ETC. (IMPRINT) | |
| Place of publication, distribution, etc | London : |
| Name of publisher, distributor, etc | SAGE, |
| Date of publication, distribution, etc | 2012. |
| 300 ## - PHYSICAL DESCRIPTION | |
| Extent | 197 p. : |
| Other physical details | ill. ; |
| Dimensions | 25 cm. |
| 504 ## - BIBLIOGRAPHY, ETC. NOTE | |
| Bibliography, etc | Includes bibliographical references (p. [187]-191) and index. |
| 650 #0 - SUBJECT ADDED ENTRY--TOPICAL TERM | |
| Topical term or geographic name as entry element | Social surveys |
| General subdivision | Methodology. |
| Topical term or geographic name as entry element | Scientific surveys |
| General subdivision | Methodology. |
| Topical term or geographic name as entry element | Sampling (Statistics) |
| 906 ## - LOCAL DATA ELEMENT F, LDF (RLIN) | |
| a | 7 |
| b | cbc |
| c | copycat |
| d | 2 |
| e | ncip |
| f | 20 |
| g | y-gencatlg |
| 942 ## - ADDED ENTRY ELEMENTS (KOHA) | |
| Source of classification or shelving scheme | Library of Congress Classification |
| Item type | Short Loan for 1 day |
| Withdrawn status | Lost status | Source of classification or shelving scheme | Damaged status | Not for loan | Home library | Current library | Shelving location | Date acquired | Total Checkouts | Full call number | Barcode | Date last seen | Copy number | Price effective from | Koha item type |
|---|---|---|---|---|---|---|---|---|---|---|---|---|---|---|---|
| Library of Congress Classification | UOE Main Library | UOE Main Library | Short Loan Area | 21/08/2014 | HA31.2 .A5195 2012 | 20150372 | 27/04/2026 | 20150372 | 21/08/2014 | Short Loan for 1 day | |||||
| Library of Congress Classification | UOE Main Library | UOE Main Library | Short Loan Area | 21/08/2014 | HA31.2 .A5195 2012 | 20150371 | 27/04/2026 | 20150371 | 21/08/2014 | Short Loan for 1 day | |||||
| Library of Congress Classification | UOE Main Library | UOE Main Library | Short Loan Area | 21/08/2014 | HA31.2 .A5195 2012 | 20150370 | 27/04/2026 | 20130370 | 21/08/2014 | Short Loan for 1 day |
